Athletics
| Format: | Book |
|---|---|
| Published: |
London :
A & C Black ,
2006
|
| Series: | Know the game
|
| Subjects: |
MARC
| LEADER | 00000cam a2200000 7i4500 | ||
|---|---|---|---|
| 001 | 0000017597 | ||
| 005 | 20080528.0 | ||
| 008 | 280508 | ||
| 020 | |a 0713676930 | ||
| 090 | 0 | 0 | |a 796.2 |b ATH |
| 245 | 1 | 0 | |a Athletics |
| 260 | |a London : |b A & C Black , |c 2006 | ||
| 440 | |a Know the game | ||
| 650 | 0 | |a Athletics | |
| 999 | |a 0001017287 |b Book |c Adult Collection |e Perbadanan Perpustakaan Awam Johor | ||